Influence of temperature dependent conductivity of a nanofluid in a vertical rectangular duct; International Journal of Non-Linear Mechanics; Vol. 78

Dettagli Bibliografici
Parent link:International Journal of Non-Linear Mechanics
Vol. 78.— 2016.— [P. 17-28]
Autore principale: Umavathi J. C.
Ente Autore: Национальный исследовательский Томский политехнический университет Энергетический институт Кафедра атомных и тепловых электростанций
Altri autori: Sheremet M. A. Mikhail Aleksandrovich
Riassunto:Title screen
Natural convective heat transfer and fluid flow in a vertical rectangular duct filled with a nanofluid is studied numerically assuming the thermal conductivity to be dependent on the fluid temperature. The transport equations for mass, momentum and energy formulated in dimensionless form are solved numerically using finite difference method. Particular efforts have been focused on the effects of the thermal conductivity variation parameter, Grashof number, Brinkman number, nanoparticles volume fraction, aspect ratio and type of nanoparticles on the fluid flow and heat transfer inside the cavity. It is found that the flow was enhanced for the increase in Grashof number, Brinkman number and aspect ratio for any values of conductivity variation parameter and for regular fluid and nanofluid. The heat transfer rate for regular fluid is less than that for the nanofluid for all governing parameters.
Режим доступа: по договору с организацией-держателем ресурса
Lingua:inglese
Pubblicazione: 2016
Soggetti:
Accesso online:http://dx.doi.org/10.1016/j.ijnonlinmec.2015.09.018
Natura: Elettronico Capitolo di libro
KOHA link:https://koha.lib.tpu.ru/cgi-bin/koha/opac-detail.pl?biblionumber=650825

MARC

LEADER 00000naa0a2200000 4500
001 650825
005 20250317115042.0
035 |a (RuTPU)RU\TPU\network\16074 
090 |a 650825 
100 |a 20161024d2016 k||y0rusy50 ba 
101 0 |a eng 
102 |a NL 
135 |a drnn ---uucaa 
181 0 |a i  
182 0 |a b 
200 1 |a Influence of temperature dependent conductivity of a nanofluid in a vertical rectangular duct  |f J. C. Umavathi, M. A. Sheremet 
203 |a Text  |c electronic 
300 |a Title screen 
320 |a [References: 33 tit.] 
330 |a Natural convective heat transfer and fluid flow in a vertical rectangular duct filled with a nanofluid is studied numerically assuming the thermal conductivity to be dependent on the fluid temperature. The transport equations for mass, momentum and energy formulated in dimensionless form are solved numerically using finite difference method. Particular efforts have been focused on the effects of the thermal conductivity variation parameter, Grashof number, Brinkman number, nanoparticles volume fraction, aspect ratio and type of nanoparticles on the fluid flow and heat transfer inside the cavity. It is found that the flow was enhanced for the increase in Grashof number, Brinkman number and aspect ratio for any values of conductivity variation parameter and for regular fluid and nanofluid. The heat transfer rate for regular fluid is less than that for the nanofluid for all governing parameters. 
333 |a Режим доступа: по договору с организацией-держателем ресурса 
461 |t International Journal of Non-Linear Mechanics 
463 |t Vol. 78  |v [P. 17-28]  |d 2016 
610 1 |a электронный ресурс 
610 1 |a труды учёных ТПУ 
610 1 |a естественная конвекция 
610 1 |a наножидкости 
610 1 |a проводимость 
610 1 |a диссипативность 
610 1 |a прямоугольное сечение 
700 1 |a Umavathi  |b J. C. 
701 1 |a Sheremet  |b M. A.  |c physicist  |c Professor of Tomsk Polytechnic University, Doctor of Physical and Mathematical Sciences  |f 1983-  |g Mikhail Aleksandrovich  |3 (RuTPU)RU\TPU\pers\35115  |9 18390 
712 0 2 |a Национальный исследовательский Томский политехнический университет  |b Энергетический институт  |b Кафедра атомных и тепловых электростанций  |3 (RuTPU)RU\TPU\col\18683  |9 27136 
801 2 |a RU  |b 63413507  |c 20161024  |g RCR 
856 4 |u http://dx.doi.org/10.1016/j.ijnonlinmec.2015.09.018 
942 |c CF